GASTRO-INTESTINAL PARASITES IN DOMESTIC CHICKEN AT SOMRA ONG COMMUNE, ANG SNOUL DISTRICT, KANDAL PROVINCE. បរាសិតក្នុងប្រដាសរំលាយអាហារមាន់នៅឃុំសំរោងលើ ស្រុកអង្គស្នួល ខេត្តកណ្តាល (Record no. 21668)

000 -LEADER
fixed length control field 00692nam a22001337a 4500
040 ## - CATALOGING SOURCE
Transcribing agency RUA
082 ## - DEWEY DECIMAL CLASSIFICATION NUMBER
Classification number VEM LAO 2021 B1.602 Or.
100 ## - MAIN ENTRY--AUTHOR NAME
Personal name LAO SOCHEAT. ឡៅ សុជាតិ
245 ## - TITLE STATEMENT
Title GASTRO-INTESTINAL PARASITES IN DOMESTIC CHICKEN AT SOMRA ONG COMMUNE, ANG SNOUL DISTRICT, KANDAL PROVINCE. បរាសិតក្នុងប្រដាសរំលាយអាហារមាន់នៅឃុំសំរោងលើ ស្រុកអង្គស្នួល ខេត្តកណ្តាល
260 ## - PUBLICATION, DISTRIBUTION, ETC. (IMPRINT)
Place of publication Phnom Penh
Name of publisher RUA
Year of publication 2021
300 ## - PHYSICAL DESCRIPTION
Number of Pages IX.37P
Other physical details VII.
Dimensions 29CM
856 ## - ELECTRONIC LOCATION AND ACCESS
Uniform Resource Identifier https://drive.google.com/file/d/1fQRjph57P8y3bLZu_pFwIynZA9w-lTR8/view?usp=sharing
942 ## - ADDED ENTRY ELEMENTS (KOHA)
Koha item type VEM
952 ## - LOCATION AND ITEM INFORMATION (KOHA)
Withdrawn status [LOCAL, KOHA] 0
952 ## - LOCATION AND ITEM INFORMATION (KOHA)
Withdrawn status [LOCAL, KOHA] 0
952 ## - LOCATION AND ITEM INFORMATION (KOHA)
Withdrawn status [LOCAL, KOHA] 0
952 ## - LOCATION AND ITEM INFORMATION (KOHA)
Withdrawn status [LOCAL, KOHA] 0
952 ## - LOCATION AND ITEM INFORMATION (KOHA)
Withdrawn status [LOCAL, KOHA] 0
952 ## - LOCATION AND ITEM INFORMATION (KOHA)
Withdrawn status [LOCAL, KOHA] 0
Holdings
Permanent Location Date acquired Koha item type Lost status Shelving location Barcode Current Location Full call number
Library Block B2023-08-16VEM B1.602a073923Library Block BVEM LAO 2021 B1.602 Or.
Library Block B2023-08-16VEM B1.602a073903Library Block BVEM LAO 2021 B1.602 Or.
Library Block B2023-08-16VEM B1.602a073911Library Block BVEM LAO 2021 B1.602 Or.
Library Block B2023-08-16VEM B1.602a073843Library Block BVEM LAO 2021 B1.602 Or.
Library Block B2023-08-16VEM B1.602a074678Library Block BVEM LAO 2021 B1.602 Or.
Library Block B2023-08-16VEM B1.602a074722Library Block BVEM LAO 2021 B1.602 Or.
មជ្ឈមណ្ឌលឯការនៃសាកលវិទ្យាល័យភូមិន្ទកសិកម្មចំការដូង

Powered by Koha